Normal view
MARC view
Entry Topical Term
001 - CONTROL NUMBER
- control field: 9884
003 - CONTROL NUMBER IDENTIFIER
- control field: ARRUPE
005 - DATE AND TIME OF LATEST TRANSACTION
- control field: 20140410141436.0
008 - FIXED-LENGTH DATA ELEMENTS
- fixed length control field: 140410|| aca||aabn | a|a d
040 ## - CATALOGING SOURCE
- Original cataloging agency: ARRUPE
- Transcribing agency: ARRUPE
150 ## - HEADING--TOPICAL TERM
- Topical term or geographic name as entry element: International relations.
670 ## - SOURCE DATA FOUND
- Source citation: Work cat.: (ARRUPE)0: Rourke, John T., 1945- 9883, International politics on the world stage /, c2008.